La arquitectura de la esencia : (Record no. 190575)

MARC details
000 -LEADER
campo de control de longitud fija 01403namaa2200337 i 4500
001 - NÚMERO DE CONTROL
campo de control 190575
003 - IDENTIFICADOR DE NÚMERO DE CONTROL
campo de control ES-MaACL
005 - FECHA Y HORA DE LA ÚLTIMA TRANSACCIÓN
campo de control 20260310100040.0
008 - DATOS DE LONGITUD FIJA--INFORMACIÓN GENERAL
campo de control de longitud fija 220104s2014 sp ae 001 0 spa
020 ## - NÚMERO INTERNACIONAL ESTÁNDAR DEL LIBRO
Número Internacional Estándar del Libro 978-84-941684-7-5
080 ## - NÚMERO DE LA CLASIFICACIÓN DECIMAL UNIVERSAL
Número de la Clasificación Decimal Universal 72 Barragán, Luis
080 ## - NÚMERO DE LA CLASIFICACIÓN DECIMAL UNIVERSAL
Número de la Clasificación Decimal Universal 72 Sota, Alejandro de la
080 ## - NÚMERO DE LA CLASIFICACIÓN DECIMAL UNIVERSAL
Número de la Clasificación Decimal Universal 72.036
245 03 - MENCIÓN DEL TÍTULO
Título La arquitectura de la esencia :
Resto del título L. Barragán (1902-88), A. de la Sota (1913-96) /
Mención de responsabilidad, etc. [directores, María Carreiro, Cándido López].
260 ## - PUBLICACIÓN, DISTRIBUCIÓN, ETC.
Lugar de publicación, distribución, etc. Sevilla :
Nombre del editor, distribuidor, etc. Recolectores Urbanos,
Fecha de publicación, distribución, etc. 2014.
300 ## - DESCRIPCIÓN FÍSICA
Extensión 153 p. :
Otras características físicas il. col. y n., planos ;
Dimensiones 24 cm.
490 1# - MENCIÓN DE SERIE
Mención de serie Conferences CSS ;
Designación de volumen o secuencia 3
500 ## - NOTA GENERAL
Nota general Índice disponible en Dialnet.
504 ## - NOTA DE BIBLIOGRAFÍA, ETC.
Nota de bibliografía, etc. Referencias bibliográficas.
594 ## - Nota al título y mención de responsabilidad
Nota al título y mención de responsabilidad En verso de port.: Grupo de Investigación GAUS, ETSA A Coruña
600 14 - PUNTO DE ACCESO ADICIONAL DE MATERIA--NOMBRE DE PERSONA
Nombre de persona Barragán, Luis,
Fechas asociadas al nombre 1902-1988
9 (RLIN) 173977
600 14 - PUNTO DE ACCESO ADICIONAL DE MATERIA--NOMBRE DE PERSONA
Nombre de persona Sota, Alejandro de la,
Fechas asociadas al nombre 1913-1996
9 (RLIN) 173978
650 #4 - PUNTO DE ACCESO ADICIONAL DE MATERIA--TÉRMINO DE MATERIA
Término de materia o nombre geográfico como elemento de entrada Arquitectura-
Subdivisión cronológica S.XX.
9 (RLIN) 10007
700 1# - ENTRADA AGREGADA--NOMBRE PERSONAL
Nombre de persona Carreiro, María.
9 (RLIN) 171158
700 1# - ENTRADA AGREGADA--NOMBRE PERSONAL
Nombre de persona López González, Cándido.
9 (RLIN) 173912
830 1# - PUNTO DE ACCESO ADICIONAL DE SERIE-TÍTULO UNIFORME
Título uniforme Conferences CSS ;
Designación de volumen o secuencia 3
9 (RLIN) 193501
852 4# - LOCALIZACIÓN
Ubicación ES-MaACL
Número de control de estantería A-14836
itemnumber 197753
Sublocalización o colección R.152329
Ubicación en estantería Depósito 1
Signatura antigua Olim: N-7836
Donativo/Legado Donativo :Editorial
856 4# - LOCALIZACIÓN Y ACCESO ELECTRÓNICOS
Identificador Uniforme de Recursos <a href="https://dialnet.unirioja.es/servlet/libro?codigo=581635&utm_source=catalogo.bne.es&utm_medium=libro&utm_campaign=Dialnet_Widgets">https://dialnet.unirioja.es/servlet/libro?codigo=581635&utm_source=catalogo.bne.es&utm_medium=libro&utm_campaign=Dialnet_Widgets</a>
Texto de enlace Índice (Dialnet)
942 ## - ELEMENTOS DE ENTRADA SECUNDARIOS (KOHA)
Fuente del sistema de clasificación o colocación Clasificación decimal universal
Holdings
Estatus retirado Estado de pérdida Fuente del sistema de clasificación o colocación Estado de daño No para préstamo Colección Biblioteca de origen Biblioteca actual Ubicación en estantería Fecha de adquisición Fuente de adquisición Total de préstamos Signatura topográfica completa Código de barras Visto por última vez Precio de reemplazo Tipo de ítem Koha
    Clasificación decimal universal     Colección digital Biblioteca del Ateneo de Madrid Biblioteca del Ateneo de Madrid Depósito 1 04/01/2022 Donación   A-14836 1202789 23/02/2023 23/02/2023 Libro impreso